[Event "RUS-CHN"]
[Site "?"]
[Date "2004.08.10"]
[Round "?"]
[White "Sakaev, Konstantin"]
[Black "Wang, Yue"]
[WhiteElo "2664"]
[BlackElo "2525"]
[Result "1/2-1/2"]

1. d4 d5 2. Nf3 Nf6 3. c4 c6 4. Nc3 dxc4 5. a4 Bf5 6. e3 e6 7. Bxc4 Bb4 8. O-O Nbd7 9. Nh4 O-O 10. Nxf5 exf5 11. Qc2 Nb6 12. Ba2 Qd7 13. Bd2 a5 14. Rad1 Rfe8 15. Bb1 g6 16. Ne2 Bd6 17. Nc1 Nbd5 18. Nd3 Qe7 19. h3 Ne4 20. Bc1 Bc7 21. f3 Ng5 22. Ne5 Ne6 23. Qb3 Nc5 24. Qc4 Nd7 25. Nxd7 Qxd7 26. e4 Qd6 27. e5 Qb4 28. Ba2 Rad8 29. Kh1 Bb6 30. Rfe1 

1/2-1/2

[Event "Wch G16"]
[Site "?"]
[Date "1998.11.04"]
[Round "?"]
[White "Jurkiewicz, Katarzyna"]
[Black "Wang, Yue"]
[WhiteElo "2185"]
[BlackElo "2130"]
[Result "0-1"]

1. e4 e5 2. Nf3 Nc6 3. d4 exd4 4. Nxd4 Nf6 5. Nxc6 bxc6 6. e5 Qe7 7. Qe2 Nd5 8. h4 d6 9. c4 Nb6 10. exd6 Qxe2+ 11. Bxe2 cxd6 12. Be3 Be6 13. b3 Be7 14. Nc3 O-O 15. Ne4 d5 16. Bc5 Rfe8 17. cxd5 Bxd5 18. f3 Bxe4 19. Bxe7 Bg6 20. h5 Rxe7 21. hxg6 Rae8 22. gxf7+ Kxf7 

0-1

[Event "Wch G16"]
[Site "?"]
[Date "1998.11.06"]
[Round "?"]
[White "Makovetskaya, Elena"]
[Black "Wang, Yue"]
[WhiteElo "2230"]
[BlackElo "2130"]
[Result "1-0"]

1. e4 e5 2. Nf3 Nc6 3. d4 exd4 4. Nxd4 Nf6 5. Nc3 Bb4 6. Nxc6 bxc6 7. Bd3 d5 8. exd5 cxd5 9. O-O O-O 10. Nb5 Bg4 11. f3 Bc5+ 12. Kh1 Bh5 13. c3 Bg6 14. Bg5 c6 15. Nd4 Qd6 16. Bxg6 hxg6 17. Qd2 Bb6 18. Bf4 Qd7 19. Rfe1 Nh5 20. Rad1 Rfe8 21. Nb3 Qf5 22. Be3 Bc7 23. Nd4 Qf6 24. Bg5 Qd6 25. g4 Nf6 26. Bh4 Rab8 27. Bg3 Qd7 28. Nb3 Bxg3 29. hxg3 a5 30. Kg2 a4 31. Nc5 Qa7 32. Nd3 Rxe1 33. Rxe1 Qc7 34. Qf2 Re8 35. g5 Rxe1 36. Qxe1 Nd7 37. Qe8+ Nf8 38. Ne5 Qb7 39. Nxc6 Qxb2+ 40. Kh3 Qc1 41. Ne7+ Kh7 42. Qxf8 Qf1+ 43. Kh4 Qh1+ 44. Kg4 f5+ 45. gxf6 Qh5+ 46. Kf4 Qh6+ 47. Ke5 Qe3+ 48. Kd6 Qb6+ 49. Nc6 

1-0

[Event "Chinese Championship"]
[Site "?"]
[Date "2011.04.09"]
[Round "?"]
[White "Wang, Yue"]
[Black "Zhao, Jun"]
[WhiteElo "2734"]
[BlackElo "2580"]
[Result "1-0"]

1. e4 c5 2. Nf3 d6 3. d4 cxd4 4. Qxd4 Nf6 5. Bg5 Nc6 6. Bb5 Bd7 7. Bxc6 Bxc6 8. Nc3 e6 9. Qd3 Be7 10. Nd4 O-O 11. O-O-O Qc7 12. f4 Rac8 13. Kb1 Rfe8 14. h4 a6 15. f5 Bd7 16. fxe6 fxe6 17. Nf3 Rcd8 18. h5 Bc8 19. h6 g6 20. Qd4 Rf8 21. e5 dxe5 22. Qxe5 Qxe5 23. Nxe5 Rde8 24. Rhf1 Nd5 25. Bxe7 Rxf1 26. Rxf1 Nxc3+ 27. bxc3 Rxe7 28. Ng4 Rf7 29. Nf6+ Kh8 30. Rd1 Rf8 31. g4 g5 32. Rd6 e5 33. Kc1 

1-0

[Event "Tan Lian Ann cup"]
[Site "?"]
[Date "2001.07.23"]
[Round "?"]
[White "Yu, Shaoteng"]
[Black "Wang, Yue"]
[WhiteElo "2517"]
[BlackElo "2466"]
[Result "1-0"]

1. e4 c5 2. Nf3 g6 3. d4 Bg7 4. Nc3 cxd4 5. Nxd4 Nc6 6. Be3 Nf6 7. Bc4 O-O 8. Bb3 d6 9. f3 Bd7 10. Qd2 Rc8 11. O-O-O Ne5 12. Kb1 h5 13. h3 Nc4 14. Bxc4 Rxc4 15. g4 b5 16. Nd5 Nxd5 17. exd5 h4 18. Ne2 Qc7 19. Bd4 Bf6 20. Rhe1 Rc8 21. Bxf6 exf6 22. Nd4 Rc5 23. Qf4 Rxd5 24. Qxf6 b4 25. f4 Qc4 26. b3 Qc3 27. f5 gxf5 28. Qg5+ Kh7 29. Qxh4+ Kg8 30. Qg5+ Kh7 31. Qe7 Kg8 32. gxf5 

1-0

[Event "Tan Chin Nam Cup"]
[Site "?"]
[Date "2002.07.05"]
[Round "?"]
[White "Zhang, Zhong"]
[Black "Wang, Yue"]
[WhiteElo "2637"]
[BlackElo "2455"]
[Result "1/2-1/2"]

1. e4 c5 2. Nf3 g6 3. d4 Bg7 4. c3 cxd4 5. cxd4 d5 6. e5 Nc6 7. Bb5 Bg4 8. Nbd2 Rc8 9. O-O e6 10. h3 Bxf3 11. Nxf3 Ne7 12. b3 O-O 13. Bd3 Qa5 14. Bb2 Rc7 15. Qe1 Qxe1 16. Raxe1 Rfc8 17. Re2 Bh6 18. Bb1 Nb4 19. Ree1 b5 20. Rd1 Nc2 21. g3 a5 22. Ne1 Nxe1 23. Rfxe1 Nc6 24. f4 Nb4 25. Rc1 Nc2 26. Red1 Bf8 27. Rd2 Ba3 

1/2-1/2

[Event "WJun"]
[Site "?"]
[Date "2005.11.09"]
[Round "?"]
[White "Xie, G"]
[Black "Wang, Yue"]
[WhiteElo "2340"]
[BlackElo "2585"]
[Result "1/2-1/2"]

1. e4 c5 2. c3 d5 3. exd5 Qxd5 4. d4 Nf6 5. Nf3 Bg4 6. Nbd2 Nc6 7. Bc4 Bxf3 8. Qb3 Na5 9. Bxd5 Nxb3 10. Nxf3 Nxd5 11. axb3 cxd4 12. Nxd4 e5 13. Ra5 exd4 14. Rxd5 dxc3 15. bxc3 Rd8 16. Re5+ Kd7 17. Be3 a6 18. Ke2 Bd6 19. Rd1 Kc6 20. Rf5 f6 21. Rfd5 Be7 22. R5d4 Rxd4 23. Rxd4 b5 24. Re4 Bd6 25. b4 f5 26. Rd4 Re8 27. Kd2 Be5 28. Rd3 g6 29. h3 Bc7 30. Rd4 a5 31. bxa5 Bxa5 32. g4 Bb6 33. Rb4 Rd8+ 34. Kc2 Ba5 35. Rb1 fxg4 36. hxg4 Bc7 37. Ra1 Rd7 38. Ra6+ Kd5 39. Kb3 Rd6 40. Ra7 Kc6 41. Kb4 h5 42. gxh5 gxh5 43. Ra6+ Kd5 44. Ra8 Kc6 45. Bf4 Rd8 46. Ra6+ Bb6 47. Be3 Rb8 48. Bxb6 Rxb6 49. Ra8 Rb7 50. Rc8+ Rc7 51. Rh8 Rf7 52. Rh6+ Kc7 53. Rxh5 Rxf2 54. Rxb5 

1/2-1/2

[Event "WJun"]
[Site "?"]
[Date "2005.11.18"]
[Round "?"]
[White "Heberla, Bartlomiej"]
[Black "Wang, Yue"]
[WhiteElo "2465"]
[BlackElo "2585"]
[Result "1/2-1/2"]

1. e4 c5 2. Nc3 Nc6 3. Bb5 Nd4 4. Bc4 e6 5. Nge2 Nf6 6. O-O a6 7. a4 d5 8. exd5 exd5 9. Ba2 Bd6 10. d3 Ne6 11. Ng3 Bxg3 12. fxg3 O-O 13. a5 h6 14. Bd2 Nd4 15. h3 Be6 16. g4 Nh7 17. Na4 Rc8 18. Be3 Qxa5 19. c3 Ne2+ 20. Qxe2 Qxa4 21. Bxd5 

1/2-1/2

[Event "4th Marx Gyoergy Memorial"]
[Site "?"]
[Date "2006.08.03"]
[Round "?"]
[White "Efimenko, Zahar"]
[Black "Wang, Yue"]
[WhiteElo "2632"]
[BlackElo "2626"]
[Result "1/2-1/2"]

1. e4 c5 2. Nf3 Nc6 3. Nc3 Nf6 4. Bb5 g6 5. Bxc6 dxc6 6. h3 Bg7 7. d3 Nd7 8. Be3 e5 9. Qd2 h6 10. O-O Qe7 11. Nh2 Nf8 12. f4 exf4 13. Bxf4 Ne6 14. Bg3 Qg5 15. Qe1 Nd4 16. Nf3 Qe7 17. Qf2 O-O 18. Rae1 Be6 19. e5 Nxf3+ 20. Qxf3 Rae8 21. Ne4 Bd5 22. Nf6+ Bxf6 23. Qxf6 Qxf6 24. exf6 c4 25. Bd6 Rxe1 26. Rxe1 Rd8 27. Be7 Rd7 28. d4 g5 29. Bc5 Be6 30. Bxa7 Kh7 31. c3 Kg6 32. Rf1 Rd5 33. Bb8 Rf5 34. Be5 Rxf1+ 35. Kxf1 b5 36. Ke2 h5 37. Ke3 Kf5 

1/2-1/2

[Event "WJun"]
[Site "?"]
[Date "2006.10.15"]
[Round "?"]
[White "Stellwagen, Daniel"]
[Black "Wang, Yue"]
[WhiteElo "2576"]
[BlackElo "2644"]
[Result "1/2-1/2"]

1. e4 c5 2. Nf3 Nc6 3. Nc3 Nf6 4. Bb5 Qc7 5. O-O Nd4 6. d3 a6 7. Ba4 Ng4 8. g3 Nxf3+ 9. Qxf3 Ne5 10. Qg2 e6 11. f4 Nc6 12. Bxc6 Qxc6 13. f5 Be7 14. Bf4 O-O 15. g4 b5 16. g5 exf5 17. Nd5 Re8 18. c4 Bb7 19. exf5 Bd6 20. Qg3 Bf8 21. Rf2 Kh8 22. h4 bxc4 23. dxc4 Re4 24. b3 Rae8 25. Rd1 Qc8 26. f6 Rd4 27. Rxd4 cxd4 28. Be5 Bxd5 29. fxg7+ Bxg7 30. Bxg7+ Kxg7 31. cxd5 Qc1+ 32. Kg2 Qe3 33. Qxe3 Rxe3 34. Rf4 d3 35. Rd4 f6 36. Kf2 Re2+ 37. Kf3 Rxa2 38. Rxd3 fxg5 39. hxg5 Kg6 40. Kf4 d6 

1/2-1/2

[Event "1st WMSG Rapid Team"]
[Site "?"]
[Date "2008.10.15"]
[Round "?"]
[White "Paragua, Mark"]
[Black "Wang, Yue"]
[WhiteElo "2526"]
[BlackElo "2736"]
[Result "1/2-1/2"]

1. e4 c5 2. Nf3 Nc6 3. Nc3 Nf6 4. Bb5 Qc7 5. O-O Nd4 6. Re1 a6 7. Bf1 d6 8. Nxd4 cxd4 9. Nd5 Nxd5 10. exd5 g6 11. d3 Bg7 12. Bd2 O-O 13. c4 dxc3 14. bxc3 e6 15. dxe6 Bxe6 16. d4 Rfe8 17. Qf3 Qa5 18. Qxb7 Bxd4 19. cxd4 Qxd2 20. Rad1 Qxa2 21. d5 Bf5 22. Rxe8+ Rxe8 23. Qxa6 Qxa6 24. Bxa6 Bc2 25. Rc1 Bb3 26. Bb7 Rb8 27. Bc6 Rb4 28. f3 Rd4 29. Kf2 Rd2+ 30. Ke3 Rxg2 31. Rb1 Ba2 32. Rb8+ Kg7 33. h4 Rh2 34. Rd8 Rxh4 35. Rxd6 h5 36. Rd8 Rc4 37. Ra8 Bb1 38. d6 Rxc6 39. d7 Rd6 

1/2-1/2

[Event "WYB14"]
[Site "?"]
[Date "2001.10.24"]
[Round "?"]
[White "Yang, Ruixin"]
[Black "Wang, Yue"]
[WhiteElo "2126"]
[BlackElo "2466"]
[Result "0-1"]

1. e4 c5 2. Nc3 Nc6 3. f4 g6 4. Nf3 Bg7 5. Bb5 Nd4 6. O-O Nxb5 7. Nxb5 d6 8. d3 Nf6 9. Qe1 O-O 10. f5 gxf5 11. Qh4 Qd7 12. e5 dxe5 13. Nc3 e4 14. dxe4 fxe4 15. Nxe4 Qg4 16. Nxc5 Qxh4 17. Nxh4 b6 18. Nd3 e6 19. Nf3 Ba6 20. Nfe5 Nd5 21. Rf3 Rac8 22. Rf2 Bxd3 23. Nxd3 Bd4 24. c3 Bxf2+ 25. Kxf2 Rfd8 26. Ne5 f6 27. Nf3 e5 28. Bh6 Kf7 29. Re1 b5 30. g4 b4 31. cxb4 Nxb4 32. Re2 Nxa2 33. Bd2 Nc1 34. Bxc1 Rxc1 35. g5 Rc5 36. h4 Rb8 37. h5 Rcb5 38. Kg3 Rxb2 39. Re1 R8b3 

0-1

[Event "Tan Lian Ann cup"]
[Site "?"]
[Date "2001.07.29"]
[Round "?"]
[White "Ding, Linlin"]
[Black "Wang, Yue"]
[WhiteElo "2347"]
[BlackElo "2466"]
[Result "0-1"]

1. e4 c5 2. Nf3 d6 3. d4 cxd4 4. Nxd4 Nf6 5. Nc3 a6 6. Be2 e5 7. Nb3 Be7 8. O-O b6 9. f4 Bb7 10. Bf3 O-O 11. Qe1 Nbd7 12. Qg3 Re8 13. Be3 Rc8 14. Rad1 b5 15. a3 Rxc3 16. bxc3 Nxe4 17. Qh3 Qc7 18. c4 bxc4 19. Na5 Ba8 20. Nxc4 Nc3 21. Bxa8 Nxd1 22. Bd5 Nxe3 23. Nxe3 Nf6 24. Bb3 d5 25. fxe5 Qxe5 26. Kh1 Bd6 27. Nf5 Bc7 28. Ba4 Re6 29. Ng3 Qe3 30. Bb3 

0-1

[Event "WY ol"]
[Site "?"]
[Date "2002.08.21"]
[Round "?"]
[White "Megaranto, Susanto"]
[Black "Wang, Yue"]
[WhiteElo "2364"]
[BlackElo "2455"]
[Result "0-1"]

1. e4 c5 2. Nf3 d6 3. d4 Nf6 4. Nc3 cxd4 5. Nxd4 a6 6. Be2 e5 7. Nb3 Be7 8. O-O O-O 9. f4 b5 10. a3 Bb7 11. Bf3 Nbd7 12. Kh1 Qc7 13. f5 Rac8 14. g4 d5 15. exd5 Nb6 16. g5 Nfxd5 17. Nxd5 Nxd5 18. f6 Bc5 19. fxg7 Rfe8 20. Qe2 Bb6 21. c3 e4 22. Bg2 e3 23. Qg4 Qe7 24. Qf5 e2 25. Re1 Ne3 26. Bxe3 Bxg2+ 27. Kxg2 Qxe3 28. Rac1 Rc4 29. Qf3 Qxg5+ 30. Kh1 Rce4 31. Nd4 Bxd4 32. cxd4 Qxc1 

0-1

[Event "23rd Open"]
[Site "?"]
[Date "2007.03.05"]
[Round "?"]
[White "Dvoirys, Semen I"]
[Black "Wang, Yue"]
[WhiteElo "2534"]
[BlackElo "2644"]
[Result "0-1"]

1. e4 c5 2. Nf3 d6 3. d4 cxd4 4. Nxd4 Nf6 5. Nc3 a6 6. Be2 e5 7. Nb3 Be7 8. O-O O-O 9. Kh1 b6 10. f4 Bb7 11. Bf3 Nbd7 12. a4 Rc8 13. Qe1 Re8 14. f5 d5 15. exd5 e4 16. Nxe4 Bxd5 17. Nc3 Bc4 18. Rg1 Bxb3 19. cxb3 Bc5 20. Qg3 Bxg1 21. Bh6 Nh5 22. Bxh5 Bd4 23. Rd1 Be5 24. Bf4 Bxf4 25. Qxf4 Qe7 26. h3 Nf6 27. Bf3 Rcd8 28. Rf1 Qe5 29. Qb4 Rd6 30. Be2 a5 31. Qh4 Rd4 32. Qg5 h6 33. Qc1 Ne4 34. Qd1 

0-1

[Event "Chinese Championship"]
[Site "?"]
[Date "2011.04.06"]
[Round "?"]
[White "Zhang, Ziyang"]
[Black "Wang, Yue"]
[WhiteElo "2442"]
[BlackElo "2734"]
[Result "0-1"]

1. e4 c5 2. Nf3 d6 3. d4 cxd4 4. Nxd4 Nf6 5. Nc3 a6 6. Be2 e5 7. Nb3 Be7 8. Be3 Be6 9. Nd5 Nbd7 10. Qd3 O-O 11. O-O Bxd5 12. exd5 Qc7 13. c4 Nc5 14. Qc2 Nxb3 15. Qxb3 Nd7 16. Rac1 a5 17. Rfd1 b6 18. Qb5 f5 19. Rc2 Qd8 20. b3 e4 21. f4 exf3 22. Bxf3 Bf6 23. Bf2 Be5 24. a3 g5 25. g4 Kh8 26. Re2 Nc5 27. gxf5 Rxf5 28. Bg2 g4 29. b4 axb4 30. axb4 Na4 31. Be1 Qf6 32. Rxe5 Qxe5 33. Qd7 Raf8 34. Bg3 Qe3+ 35. Kh1 Nc3 36. Re1 Ne2 

0-1

[Event "XXVIII"]
[Site "?"]
[Date "2003.01.11"]
[Round "?"]
[White "Corbalan Gomez, Juan Jose"]
[Black "Wang, Yue"]
[WhiteElo "2075"]
[BlackElo "2492"]
[Result "0-1"]

1. e4 c5 2. Nf3 d6 3. d4 Nf6 4. Nc3 cxd4 5. Nxd4 a6 6. Be3 e5 7. Nb3 Be6 8. a4 Ng4 9. Nd5 Nxe3 10. Nxe3 Nd7 11. c4 Be7 12. Bd3 Bg5 13. Nd5 Bxd5 14. exd5 O-O 15. h4 Bh6 16. Qc2 g6 17. h5 Qg5 18. f3 Rae8 19. Kd1 f5 20. Qd2 e4 21. Qxg5 Bxg5 22. Be2 exf3 23. Bxf3 Ne5 24. Nd4 Nxc4 25. Ne6 Bf6 26. Nxf8 Kxf8 27. hxg6 hxg6 28. Rh7 Nxb2+ 29. Kc2 Rc8+ 30. Kb3 Rc3+ 31. Ka2 Nc4 32. Rah1 Ra3+ 33. Kb1 Ne3 34. Kc1 Bg7 35. Kd2 Nc4+ 36. Ke2 Ra2+ 37. Kd3 b5 38. axb5 axb5 

0-1

[Event "Tan Lian Ann cup"]
[Site "?"]
[Date "2001.07.19"]
[Round "?"]
[White "Petronic, Sanja"]
[Black "Wang, Yue"]
[WhiteElo "2279"]
[BlackElo "2466"]
[Result "1/2-1/2"]

1. e4 c5 2. Nf3 d6 3. d4 cxd4 4. Nxd4 Nf6 5. Nc3 a6 6. Bg5 e6 7. f4 Qb6 8. Qd2 Qxb2 9. Rb1 Qa3 10. Bxf6 gxf6 11. f5 Nc6 12. fxe6 fxe6 13. Be2 h5 14. Nxc6 bxc6 15. O-O Be7 16. Qd4 d5 17. Kh1 e5 18. Qd3 d4 19. Rb3 Qd6 20. Na4 Be6 21. Rb7 h4 22. Nb6 Rb8 23. Rxb8+ Qxb8 24. Qxa6 h3 25. g3 Kf7 26. Nc4 Kg7 27. Qxc6 Qc8 28. Qb5 Qa8 29. Bd3 Rb8 30. Qa5 Qxa5 31. Nxa5 Ra8 32. Nc6 Bd6 33. Rb1 Rxa2 34. Kg1 Kg6 35. Kf1 Bd7 36. Nxd4 Bc5 37. Nb3 Be3 38. Nc1 Ra4 39. Ne2 Ra3 40. Ng1 Bg4 41. Be2 Kg5 42. Nf3+ Bxf3 43. Bxf3 Bd4 44. Be2 f5 45. Bd3 

1/2-1/2

[Event "Asia-chT"]
[Site "?"]
[Date "1999.10.10"]
[Round "?"]
[White "Xu, Yuhua"]
[Black "Wang, Yue"]
[WhiteElo "2377"]
[BlackElo "2221"]
[Result "1-0"]

1. e4 c5 2. Nf3 Nc6 3. Bb5 g6 4. O-O Bg7 5. c3 Nf6 6. Re1 O-O 7. h3 d6 8. d4 Bd7 9. Nbd2 Qb6 10. Bxc6 Bxc6 11. d5 Bd7 12. Nf1 e5 13. dxe6 Bxe6 14. Ng5 Rad8 15. Ng3 Bd7 16. Qc2 h6 17. Nf3 Be6 18. Be3 Qc6 19. Rad1 d5 20. exd5 Bxd5 21. Ne5 Qc8 22. Qa4 a6 23. c4 Be6 24. Qa5 Rxd1 25. Rxd1 Re8 26. Bxc5 Nd7 27. Nxd7 Bxd7 28. Bd4 Bc6 29. Bxg7 Kxg7 30. b4 Qe6 31. b5 axb5 32. cxb5 Bd5 33. a4 h5 34. Qc3+ Kh7 35. Qd4 Bb3 36. Rc1 Ra8 37. Ne4 

1-0

[Event "Torch Real Estate Cup"]
[Site "?"]
[Date "2005.05.11"]
[Round "?"]
[White "Wei, Chenpeng"]
[Black "Wang, Yue"]
[WhiteElo "2406"]
[BlackElo "2576"]
[Result "1/2-1/2"]

1. e4 c5 2. Nf3 Nc6 3. Bb5 d6 4. O-O Bd7 5. Re1 Nf6 6. c3 a6 7. Bxc6 Bxc6 8. d4 Bxe4 9. Bg5 Bd5 10. Nbd2 e6 11. c4 Bxf3 12. Qxf3 cxd4 13. Qxb7 Qc8 14. Qb6 Qc5 15. Qb7 Qc8 16. Qb6 

1/2-1/2

[Event "WJun"]
[Site "?"]
[Date "2005.11.11"]
[Round "?"]
[White "Gopal, G"]
[Black "Wang, Yue"]
[WhiteElo "2327"]
[BlackElo "2585"]
[Result "1/2-1/2"]

1. e4 c5 2. Nf3 Nc6 3. Bb5 d6 4. Bxc6+ bxc6 5. O-O Bg4 6. c3 Nf6 7. Re1 e6 8. d4 cxd4 9. cxd4 Be7 10. Bg5 h6 11. Bh4 O-O 12. Nbd2 d5 13. Rc1 Bxf3 14. Qxf3 Bb4 15. Bxf6 Qxf6 16. Qxf6 gxf6 17. Re2 Bxd2 18. Rxd2 dxe4 19. Rxc6 Rfc8 20. Rc5 Rd8 21. Kf1 Rd7 22. Ke2 f5 23. b4 Rb8 24. a3 Kf8 25. Ke3 Ke7 26. Rdc2 Rb6 27. g3 

1/2-1/2

[Event "Aeroflot Open"]
[Site "?"]
[Date "2006.02.11"]
[Round "?"]
[White "Efimenko, Zahar"]
[Black "Wang, Yue"]
[WhiteElo "2666"]
[BlackElo "2599"]
[Result "1/2-1/2"]

1. e4 c5 2. Nf3 Nc6 3. Bb5 d6 4. d4 cxd4 5. Qxd4 Bd7 6. Bxc6 Bxc6 7. c4 f5 8. exf5 Qa5+ 9. Nbd2 Qxf5 10. O-O e5 11. Qe3 Qg6 12. b4 a6 13. Bb2 Nf6 14. a4 Be7 15. b5 Bxf3 16. Qxf3 Rb8 17. c5 Qc2 18. Qc3 Qxc3 19. Bxc3 Rc8 20. bxa6 bxa6 21. cxd6 Rxc3 22. dxe7 Kxe7 23. Rfe1 Nd7 24. f4 Rb8 25. Ra2 Rbc8 26. Nf3 Rc1 27. Re2 Rxe1+ 28. Rxe1 Rc4 

1/2-1/2

[Event "Chinese Championship"]
[Site "?"]
[Date "2006.06.26"]
[Round "?"]
[White "Yu, Shaoteng"]
[Black "Wang, Yue"]
[WhiteElo "2542"]
[BlackElo "2598"]
[Result "1-0"]

1. e4 c5 2. Nf3 Nc6 3. Bb5 Nf6 4. e5 Nd5 5. Nc3 Nc7 6. Bxc6 dxc6 7. h3 Bf5 8. d3 h6 9. Qe2 e6 10. Ne4 Nb5 11. c3 Qd7 12. Bf4 Rd8 13. Rd1 c4 14. Nd6+ Nxd6 15. dxc4 c5 16. exd6 Qc6 17. Rd5 Bh7 18. d7+ Ke7 19. Bd6+ Qxd6 20. Rxd6 Kxd6 21. O-O f6 22. Rd1+ Ke7 23. Qd2 Kf7 24. Qf4 Be7 25. Qc7 Be4 26. Nd2 Bc6 27. Nb3 Ra8 28. Nxc5 Rhd8 29. Nxe6 Kxe6 30. Re1+ 

1-0

[Event "Aeroflot Open"]
[Site "?"]
[Date "2007.02.19"]
[Round "?"]
[White "Svetushkin, Dmitry"]
[Black "Wang, Yue"]
[WhiteElo "2588"]
[BlackElo "2644"]
[Result "0-1"]

1. e4 c5 2. Nf3 Nc6 3. Bb5 d6 4. O-O Bd7 5. Re1 Nf6 6. c3 a6 7. Ba4 b5 8. Bc2 e5 9. h3 Be7 10. d4 O-O 11. d5 Na5 12. b3 Nb7 13. Be3 Qc7 14. Nbd2 Rfc8 15. Qe2 c4 16. b4 a5 17. a3 Ra6 18. Nf1 Rca8 19. Bc1 Nh5 20. Kh2 Nf4 21. Qd1 Qc8 22. Ng1 g6 23. Qf3 Nd8 24. Bb2 f6 25. Ne2 Nxe2 26. Qxe2 Nf7 27. Ne3 Bd8 28. Rf1 Bb6 29. Rae1 Kg7 30. Bb1 axb4 31. axb4 Qe8 32. g3 Qc8 33. g4 Bxe3 34. fxe3 Qd8 35. Rf3 Qe7 36. Ref1 Rf8 37. Qg2 Raa8 38. Bc1 g5 39. R3f2 Nh8 40. Ra2 Rxa2 41. Qxa2 Ng6 42. Bc2 Rh8 43. Bd1 Bc8 44. Rf2 Bb7 45. Qa1 Ra8 46. Ra2 Rxa2+ 47. Qxa2 Bc8 48. Be2 Qd7 49. Qa8 h5 50. Bd2 Nh8 51. Qc6 Qxc6 52. dxc6 hxg4 53. hxg4 Ba6 54. Kg3 Kf7 55. Bf3 Ke7 56. Bg2 Kd8 57. Bf3 Kc7 58. Bg2 Kxc6 59. Bf3 Kd7 60. Be1 Bb7 61. Bd2 Bc6 62. Bc1 Kc7 63. Bd2 Be8 64. Be1 Bg6 65. Kg2 Bh7 66. Bg3 Ng6 67. Kf2 Ne7 68. Ke2 Nc8 69. Kd2 d5 70. exd5 Nd6 71. Be1 Be4 72. Bd1 Bd3 73. Bf3 Kd7 74. e4 Bxe4 75. Bxe4 Nxe4+ 76. Ke3 f5 77. gxf5 Nf6 78. Bd2 Kd6 79. Ke2 g4 80. Bg5 Ne4 81. Bd8 Ng3+ 

0-1

[Event "23rd Open"]
[Site "?"]
[Date "2007.03.04"]
[Round "?"]
[White "Dzhumaev, Marat"]
[Black "Wang, Yue"]
[WhiteElo "2526"]
[BlackElo "2644"]
[Result "0-1"]

1. e4 c5 2. Nf3 Nc6 3. Bb5 Nf6 4. e5 Nd5 5. Nc3 Nc7 6. a4 g6 7. d3 Bg7 8. Bf4 b6 9. O-O Bb7 10. Bc4 Ne6 11. Bg3 Ncd4 12. Nxd4 Nxd4 13. Qd2 O-O 14. Rfe1 a6 15. Bf4 e6 16. Ne4 Bxe4 17. dxe4 Nc6 18. Bg5 f6 19. exf6 Bxf6 20. Bxf6 Qxf6 21. Rf1 Ne5 22. Be2 Qf4 23. Qxf4 Rxf4 24. f3 g5 25. Rfd1 g4 26. Ra3 gxf3 27. gxf3 Kf7 28. Kf2 Ke7 29. Rg1 Rh4 30. Rg7+ Kf6 31. Rg2 a5 32. Rb3 Rb8 33. Kg3 Ng6 34. Bb5 d6 35. Rd3 Ke5 36. Rdd2 Rh5 37. Kf2 Nf4 38. Rg7 Rxh2+ 39. Ke3 Rxd2 40. Kxd2 h6 41. Rh7 h5 42. Ke3 Rg8 43. Rf7 d5 44. exd5 Nxd5+ 45. Kf2 Rh8 46. Bf1 h4 47. c4 Nb4 48. Bh3 Nd3+ 49. Ke3 Nxb2 50. f4+ Kd6 51. Rf6 Re8 52. Bf1 Nxa4 53. Kd2 b5 54. cxb5 Nb6 55. Rh6 c4 56. f5 Kc5 57. fxe6 Kxb5 58. Bh3 a4 59. Rxh4 a3 60. Kc2 Kb4 

0-1

[Event "6th Gibtelecom Masters"]
[Site "?"]
[Date "2008.01.31"]
[Round "?"]
[White "Kritz, Leonid"]
[Black "Wang, Yue"]
[WhiteElo "2592"]
[BlackElo "2698"]
[Result "1/2-1/2"]

1. e4 c5 2. Nf3 Nc6 3. Bb5 d6 4. Bxc6+ bxc6 5. O-O Bg4 6. d3 e6 7. Nbd2 Nf6 8. Re1 Nd7 9. h3 Bh5 10. Nf1 Be7 11. Ng3 Bg6 12. b3 O-O 13. Bb2 Re8 14. Nh2 Bh4 15. Ne2 e5 16. Nf3 Be7 17. Ng3 Nf8 18. c3 Ne6 19. d4 f6 20. Nh4 Bf7 21. Nhf5 Bf8 22. Ne3 cxd4 23. cxd4 exd4 24. Bxd4 Nxd4 25. Qxd4 Qb6 26. Red1 Qb5 27. Rac1 a5 28. Ngf5 Rad8 29. Rc3 c5 30. Qd3 Qxd3 31. Rcxd3 Rxe4 32. Nxd6 Rd4 33. Rxd4 cxd4 34. Nxf7 Kxf7 35. Nc4 Bb4 36. Kf1 d3 37. Nb2 d2 38. Nc4 a4 39. Ke2 Re8+ 40. Ne3 axb3 41. axb3 f5 42. Kd3 Re5 43. Nc4 Re1 44. Nb2 Kf6 45. Kc2 Re8 46. Ra1 Re1 47. Rd1 Re8 

1/2-1/2

[Event "Petrosian Memorial Internet"]
[Site "?"]
[Date "2004.12.18"]
[Round "?"]
[White "Nataf, Ia"]
[Black "Wang, Yue"]
[WhiteElo "2565"]
[BlackElo "2536"]
[Result "1-0"]

1. e4 c5 2. Nf3 Nc6 3. d4 cxd4 4. Nxd4 Nf6 5. Nc3 e5 6. Ndb5 d6 7. Nd5 Nxd5 8. exd5 Nb8 9. a4 Be7 10. Be2 O-O 11. O-O Nd7 12. Kh1 a6 13. Na3 b6 14. a5 Bb7 15. axb6 Nxb6 16. c4 Nd7 17. Nc2 a5 18. Ra3 Bg5 19. f4 exf4 20. Bxf4 Bxf4 21. Rxf4 Re8 22. Rg3 g6 23. Nd4 Ne5 24. h4 Bc8 25. h5 Bd7 26. Bd3 Nxd3 27. Qxd3 Re1+ 28. Kh2 Qe7 29. Nf3 Re3 30. Qd4 Re8 31. Ng5 Rxg3 32. Nxf7 Qe5 33. Nxe5 dxe5 34. Qa7 exf4 35. Qxd7 Re2 36. Qc8+ Kg7 37. Qc7+ Kg8 38. Qb8+ Kg7 39. h6+ Kxh6 40. Qxf4+ Rg5 41. Qf8+ 

1-0

[Event "7th Open"]
[Site "?"]
[Date "2005.04.10"]
[Round "?"]
[White "Efimenko, Zahar"]
[Black "Wang, Yue"]
[WhiteElo "2620"]
[BlackElo "2576"]
[Result "1/2-1/2"]

1. e4 c5 2. Nf3 Nc6 3. d4 cxd4 4. Nxd4 Nf6 5. Nc3 e5 6. Ndb5 d6 7. Bg5 a6 8. Na3 b5 9. Bxf6 gxf6 10. Nd5 f5 11. Bd3 Be6 12. O-O Bxd5 13. exd5 Ne7 14. Re1 Bg7 15. c3 O-O 16. Qh5 e4 17. Bf1 Qc8 18. Rad1 Re8 19. g3 Qc5 20. Nc2 Nxd5 21. Qxf5 Re5 22. Qd7 e3 23. Nxe3 Nxe3 24. Rxe3 Rxe3 25. fxe3 Qxe3+ 26. Kg2 Qe4+ 27. Kh3 Be5 28. Bd3 Qf3 29. Qg4+ Qxg4+ 30. Kxg4 Kg7 31. Kf5 Rc8 32. Be4 Rc5 33. Rd5 Rc8 34. a3 h6 35. Bd3 Kf8 36. Bb1 Ke7 37. Ba2 Rg8 38. Rd3 Rg6 39. Rf3 Rf6+ 40. Ke4 Rxf3 41. Kxf3 f5 42. Bd5 Kf6 43. Ke3 a5 44. Kd3 b4 45. axb4 axb4 46. cxb4 Bxb2 47. b5 Ba3 48. b6 Bc5 49. b7 Ba7 50. Kc4 h5 51. Bf3 h4 52. gxh4 d5+ 53. Kxd5 Bb8 54. h3 Kg7 55. Ke6 Kh8 56. h5 Kg7 57. Bc6 Bh2 58. h4 Kh8 59. Kd7 Kg7 60. Kc8 Kh8 61. b8=Q Bxb8 62. Kxb8 f4 63. Bf3 Kg7 64. Kc7 Kh8 65. Kd8 Kg7 66. Ke7 Kh8 67. Kf8 Kh7 68. h6 Kh8 69. Kf7 Kh7 70. Kf6 Kxh6 71. Kf5 

1/2-1/2

[Event "WJun"]
[Site "?"]
[Date "2005.11.16"]
[Round "?"]
[White "Smeets, Jan"]
[Black "Wang, Yue"]
[WhiteElo "2531"]
[BlackElo "2585"]
[Result "1/2-1/2"]

1. e4 c5 2. Nf3 Nc6 3. d4 cxd4 4. Nxd4 Nf6 5. Nc3 e5 6. Ndb5 d6 7. Bg5 a6 8. Na3 b5 9. Nd5 Be7 10. Bxf6 Bxf6 11. c3 Bg5 12. Nc2 Ne7 13. h4 Bh6 14. a4 bxa4 15. Ncb4 O-O 16. Rxa4 a5 17. Bc4 Bd7 18. Nxe7+ Qxe7 19. Nd5 Qd8 20. Ra2 Kh8 21. Qe2 a4 22. Bb5 Be6 23. Rxa4 Rxa4 24. Bxa4 f5 25. Bc6 fxe4 26. Qxe4 Qc8 27. Qc4 e4 28. O-O Bg8 29. Qa4 Bxd5 30. Bxd5 e3 31. Qd4 Qc5 32. Qxc5 dxc5 33. Bf3 Rd8 34. fxe3 Bxe3+ 35. Kh2 

1/2-1/2

[Event "Chinese Championship"]
[Site "?"]
[Date "2006.07.04"]
[Round "?"]
[White "Li, Shilong"]
[Black "Wang, Yue"]
[WhiteElo "2539"]
[BlackElo "2598"]
[Result "0-1"]

1. e4 c5 2. Nf3 Nc6 3. d4 cxd4 4. Nxd4 Nf6 5. Nc3 e5 6. Ndb5 d6 7. Bg5 a6 8. Na3 b5 9. Nd5 Be7 10. Bxf6 Bxf6 11. c4 b4 12. Nc2 a5 13. Be2 O-O 14. O-O Bg5 15. Qd3 Be6 16. Rad1 Bxd5 17. Qxd5 Qb6 18. Qb5 Qc7 19. c5 dxc5 20. Qxc5 Rac8 21. Bg4 Ne7 22. Qxc7 Rxc7 23. Ne3 g6 24. Rd7 Rxd7 25. Bxd7 Rd8 26. Rd1 Bxe3 27. fxe3 Nc8 28. Rc1 Nd6 29. Bc6 Rc8 30. Rc2 Nb5 31. Rc4 Nd6 32. Rc2 Nb7 33. Kf2 b3 34. axb3 Nd8 35. b4 Rxc6 

0-1

[Event "GM Scheveningen"]
[Site "?"]
[Date "2006.07.14"]
[Round "?"]
[White "Timofeev, Artyom"]
[Black "Wang, Yue"]
[WhiteElo "2657"]
[BlackElo "2626"]
[Result "1/2-1/2"]

1. e4 c5 2. Nf3 Nc6 3. d4 cxd4 4. Nxd4 Nf6 5. Nc3 e5 6. Ndb5 d6 7. Nd5 Nxd5 8. exd5 Nb8 9. c4 a6 10. Qa4 Bd7 11. Qa3 Bxb5 12. cxb5 Be7 13. bxa6 O-O 14. a7 Nd7 15. Be2 Qc7 16. Be3 b6 17. Bb5 Rxa7 18. Qb4 Qb7 19. Bc6 Qa6 20. Qb5 Qxb5 21. Bxb5 f5 22. a4 f4 23. Bxd7 fxe3 24. Be6+ Kh8 25. fxe3 Rfa8 26. Ke2 Rxa4 27. Rxa4 Rxa4 28. Rc1 g6 29. Rc7 Bg5 30. g3 e4 31. Rc8+ Kg7 32. Rc7+ Kh8 

1/2-1/2